000 00800nam a2200217Ii 4500
003 JO-AjNU
008 230605s9999||||xx |||||||||||||| ||und||
017 _a2003/11/2339
020 _a9957-32-047-5
040 _aJO-AjNU
_bara
_erda
_cJO-AjNU
041 _aara
050 1 4 _aHM263 .A8722 2004
100 3 _aتاليف: عساف، عبدالمعطي محمد / م.مشارك: محمد فالح صالح,
_eauthor
_929266
245 0 0 _aاسس العلاقات العامة
264 3 1 _aعمان: دار الحامد للنشر والتوزيع، 2004
300 _a204ص
_bيحتوي على ببلوغرافية من 203-204ص
336 _atext
_btxt
_2rdacontent
337 _aunmediated
_bn
_2rdamedia
338 _avolume
_bnc
_2rdacarrier
650 4 _aالعلاقات العامة
_929267
999 _aA11455
_c15023
_d15023